书目信息 |
| 题名: |
龙虫并雕斋文集
|
|
| 作者: | 王力 | |
| 分册: | [第一册] | |
| 出版信息: | 北京 中华书局 1980 |
|
| 页数: | 483页 | |
| 开本: | 20cm | |
| 丛书名: | ||
| 单 册: | ||
| 中图分类: | H119 | |
| 科图分类: | ||
| 主题词: | 汉语--语音 , 汉语--音韵学 | |
| 电子资源: | ||
| ISBN: | ||
| 000 | 00515nam0 2200193 450 | |
| 001 | 0728815141 | |
| 005 | 20070819080015.14 | |
| 010 | @d¥2.90 | |
| 100 | @a20070819d km y0chiy0120 ea | |
| 101 | 0 | @achi |
| 200 | 1 | @a龙虫并雕斋文集@Along chong bing diao zhai wen ji@h[第一册]@f王力@Fwang li |
| 210 | @a北京@c中华书局@d1980 | |
| 215 | @a483页@d20cm | |
| 606 | 0 | @a汉语@x语音 |
| 606 | 0 | @a汉语@x音韵学 |
| 690 | @aH119@v3 | |
| 701 | 0 | @a王力@Awang li |
| 801 | 0 | @aCN@bPFT@c20070819 |
| 905 | @a213230@dH119@eZW210:1@f1 | |
| 龙虫并雕斋文集.[第一册]/王力.-北京:中华书局,1980 |
| 483页;20cm |
| ISBN :¥2.90 |
| ● |
| 相关链接 |
|
|
|
|
正题名:龙虫并雕斋文集
索取号:H119/ZW210:1
 
预约/预借
| 序号 | 登录号 | 条形码 | 馆藏地/架位号 | 状态 | 备注 |
| 1 | 7610543 | 276105439 | 密集书库-文学院/ [索取号:H119/ZW210:1] | 在馆 |